| 000 | 00346nam a22001457a 4500 | ||
|---|---|---|---|
| 020 | _a9789388720946 | ||
| 082 |
_aGAN 181.4 _bGAN/I |
||
| 100 | _aGandhi M K | ||
| 245 |
_aIndia of my dreams/ _cby Gandhi M K |
||
| 260 |
_aDelhi: _bPharos Books, _c2020. |
||
| 300 | _a227p. | ||
| 650 | _aPhilosophy Gandhi | ||
| 650 | _aPhilosophy | ||
| 942 | _cBK | ||
| 999 |
_c181513 _d181513 |
||